Teorías cognitivas del aprendizaje

Spremljeno u:
Bibliografski detalji
Glavni autor: Pozo, Juan Ignacio (Autor)
Format: Knjiga
Jezik:španjolski
Izdano: Madrid Morata 1996
Izdanje:4a. ed
Serija:Colección Psicología Manuales
Teme:
Oznake: Dodaj oznaku
Bez oznaka, Budi prvi tko označuje ovaj zapis!

MARC

LEADER 00000nam a2200000 a 4500
001 UCO2429
003 CL-VaPUC
008 000602e19960000SP |||||||||||||||||spa|d
082 0 4 |a 370.15  |b POZ  |2 21 
100 0 |a Pozo, Juan Ignacio  |e author  |9 445584 
245 1 0 |a Teorías cognitivas del aprendizaje 
250 |a 4a. ed 
300 |a 286 p 
942 |c BK 
945 |d 20000602 00:00:00  |a rbrito 
260 |a Madrid  |b Morata  |c 1996 
650 0 |a Psicología del aprendizaje  |9 306854 
650 0 |a Cognición   |9 270347 
650 0 |a Inteligencia  |9 267038 
650 0 |a Psicología cognitiva   |9 306250 
583 |a last modification  |c 20000602 00:00:00  |k Rodrigo Vera 
490 0 |a Colección Psicología Manuales 
999 |c 288941  |d 288939 
952 |0 0  |1 0  |4 0  |6 370_150000000000000_POZ_1996  |7 0  |8 A  |9 336949  |a FDOPOS  |b FDOPOS  |d 2019-11-20  |i 3622673  |o 370.15 POZ 1996  |p 3622673  |r 2025-01-22  |w 2019-11-20  |y BK  |k MLA